000 00266nam a2200109Ia 4500
008 230907s9999||||xx |||||||||||||| ||und||
082 _a620.0042
_bDYM
100 _aDym, Clive L.
_942677
245 0 _aEngineering design :
300 _axvi, 320 pages :
942 _cBK
999 _c600954
_d600954